Competency based practical anatomy workbook (Record no. 393668)

MARC details
000 -LEADER
fixed length control field 00506 a2200193 4500
005 - DATE & TIME
control field 20251216104708.0
008 - FIXED-LENGTH DATA ELEMENTS--GENERAL INFORMATION
fixed length control field 251216b |||||||| |||| 00| 0 eng d
020 ## - ISBN
International Standard Book Number 9789354660856
Price Rs. 650.00
040 ## - CATALOGING SOURCE
Original cataloging agency VIVEKANANDA LIBRARY
082 ## - DDC NUMBER
Classification number 612
Book Number G181C(3)
100 ## - MAIN ENTRY--PERSONAL NAME
Personal name Garg, Krishna
245 ## - TITLE STATEMENT
Title Competency based practical anatomy workbook
250 ## - EDITION STATEMENT
Edition statement 3rd
260 ## - PUBLICATION, DISTRIBUTION, ETC. (IMPRINT)
Name of publisher, distributor, etc CBS Publishers and Distributors
Date of publication, distribution, etc 2025
Place of publication, distribution, etc New Delhi
300 ## - PHYSICAL DESCRIPTION
Pages xvii, 282
650 ## - Subject
Subject Anatomy
700 ## - Added Entry Personal Name
Added Entry Personal Name Joshi, Medha
942 ## - ADDED ENTRY ELEMENTS (KOHA)
Koha item type Books
Holdings
Withdrawn status Lost status Source of classification or shelving scheme Damaged status Not for loan Location (home branch) Sublocation or collection (holding branch) Shelving location Date acquired Koha issues (times borrowed) Koha full call number Accession No. Koha date last seen Koha item type
    Dewey Decimal Classification     VIVEKANANDA LIBRARY VIVEKANANDA LIBRARY Vivekananda Library 04/12/2025   612 G181C(3) 443538 04/12/2025 Books
    Dewey Decimal Classification     VIVEKANANDA LIBRARY VIVEKANANDA LIBRARY Vivekananda Library 04/12/2025   612 G181C(3) 443537 04/12/2025 Books
© Designed and Maintained by Vivekananda Library, MDU Rohtak